| 000 | nam a22 a 4500 | ||
|---|---|---|---|
| 999 |
_c1045 _d1045 |
||
| 003 | AKMAL | ||
| 005 | 20170508113203.0 | ||
| 008 | 170508r20051997my g 000 0 may d | ||
| 020 |
_a9839045679 (kkt.) : _cRM 12.00 |
||
| 040 |
_aAKMAL _cAKMAL |
||
| 082 | 0 | 4 |
_a297.23 SAK _222 |
| 090 | 0 | 0 |
_a297.23 _bSAK |
| 245 | 0 | 0 |
_aSakaratul maut dan alam kubur : _b"kehidupan" roh sesudah meninggalkan jasadnya / _csususun : Abdul Shukur Abd.Rahman |
| 260 |
_aKuala Lumpur : _bJasmin Enterprise, _c2005 |
||
| 300 |
_av, 241ms. ; _c21cm. |
||
| 500 | _aMengandungi ayat-ayat dari Quran | ||
| 650 | 0 |
_aJudgment Day (Islam) _91941 |
|
| 650 | 0 |
_aEschatology _92194 |
|
| 700 | 0 |
_aAbdul Syukur Abdul Rahman _92195 |
|
| 942 |
_2ddc _cBOOK |
||